000 00540nam a2200229Ia 4500
003 OSt
005 20221007101919.0
006 a|||||r|||| 00| 0
007 ta
008 221006b |||||||| |||| 00| 0 eng d
024 _a8,800
037 _cTextual
040 _aLCO
_cLCO
_beng
041 _2eng
_aeng
082 _aZm2,N96, N6
245 0 _aUNREPORTED JUDGEMENTS
260 _c1996
490 _v28- (1) & (2)
650 _aUNREPORTED JUDGEMENTS
942 _hZm2,N96, N6
_cTEXL
999 _c1178363
_d1178363